000 00310nam a2200133Ia 4500
005 20251222155131.0
008 251222s9999||||xx |||||||||||||| ||spa||
082 _aSIQ.12
100 _aMORGAN A.J.
245 0 _aLa Práctica de Enfermería Salud M.
250 _a2da. ed.
264 _bOPS/OMS
942 _cLIB
999 _c38825
_d38825